Największe aglomeracje w Polsce - Statystyki

Ogólne statystyki
  • Ten quiz został rozwiązany 169 razy
  • Średni wynik to 9 z 15
Statystyki odpowiedzi
Liczba ludności Aglomeracja (stolica) % Poprawnych
3 029 000 Katowice
98%
2 785 000 Warszawa
96%
1 236 000 Kraków
89%
1 165 000 Łódź
85%
993 000 Gdańsk
79%
919 000 Poznań
74%
861 000 Wrocław
73%
721 000 Bydgoszcz/Toruń
66%
610 000 Szczecin
64%
451 000 Lublin
46%
403 000 Białystok
42%
319 000 Kielce
38%
365 000 Częstochowa
27%
584 000 Bielsko - Biała
18%
525 000 Rybnik
18%
Nie znaleziono quizów pasujących do podanych kryteriów
Rozkład punktacji
Procent ludzi z każdym wynikiem
Percentyl według liczby udzielonych odpowiedzi
Twoja historia wyników
Nie rozwiązałeś tego quizu